000 00371nam a2200157 i 4500
001 bg
100 1 _aCAŁUS, Henryk
245 0 _aPodstawy obliczeń chemicznych /
_cH. Całus.
250 _aWyd.5.
260 _aWarszawa,
_c1971.
040 _cBPK
041 _apol
080 _a543.062:541.1](075.8)(076)
942 _cKS
008 s pl f |000 0 pol
999 _c6066
_d6066
856 _uhttp://koha.tu.koszalin.pl/cgi-bin/koha/opac-detail.pl?biblionumber=6066
_yKatalog online BPK